000 01309nam a2200265Ia 4500
003 Ost
005 20260507075127.0
008 260507s9999||||xx |||||||||||||| ||und||
020 _a9957021966
040 _cfsecg
041 _aara
082 _a330
100 _aالشمرتي، حامد
_eمؤلف
245 0 _aالأساليب الإحصائية في اتخاذ القرار :
_bتطيقات في منظمات في منظمات أعمال انتاجية خدمية /
_c حامد الشمرتي
260 _aعمان:
_bمجدلاوي,
_c2005
300 _a443 صفحة؛
_bإيضاحات ؛
_c25 سم
520 _aمفاهيم عامة في الإحصاء واتخاذ القرار- تبويب وعرض وتمثيل البيانات الإحصائية- مقاييس النزعة المركزية- مقاييس التشتت-أساليب التوقيع-الإحتمالات- العينات- التوزيعات الإحصائية- الأرقام القياسية-الفرضيات الإحصائية
653 _aالإحتمالات
653 _aالأرقام القياسية
653 _aالأساليب الإحصائية
653 _aالتوزيعات الإحصائية
653 _aالعينات
700 _aالفضل، مؤيد
_eمؤلف ثانوي
942 _cكتاب
999 _c43163
_d43163